Automata-theoretic aspects of formal power series /
Guardado en:
| Autor Principal: | |
|---|---|
| Otros Autores: | |
| Formato: | Libro |
| Idioma: | English |
| Publicado: |
New York :
Springer-Verlag,
c1978.
|
| Series: | Texts and monographs in computer science
|
| Materias: | |
| Etiquetas: |
Agregar Etiqueta
Sin Etiquetas, Sea el primero en etiquetar este registro!
|
| LEADER | 00810pam a2200253 a 4500 | ||
|---|---|---|---|
| 001 | MAT.inmabb002674 | ||
| 008 | 780210s1978####nyu######b####001#0#eng## | ||
| 005 | 20160502155853.0 | ||
| 245 | 1 | 0 | |a Automata-theoretic aspects of formal power series / |c Arto Salomaa, Matti Soittola. |
| 260 | |a New York : |b Springer-Verlag, |c c1978. | ||
| 300 | |a x, 171 p. ; |c 25 cm. | ||
| 440 | 0 | |a Texts and monographs in computer science | |
| 504 | |a Bibliografía: p. 165-167. | ||
| 510 | 4 | |a MR, |c 58 #3698 | |
| 020 | |a 0387902821 | ||
| 100 | 1 | |a Salomaa, Arto. | |
| 700 | 1 | |a Soittola, Matti, |d 1945- | |
| 650 | 0 | |a Sequential machine theory. | |
| 650 | 0 | |a Formal languages. | |
| 650 | 0 | |a Power series. | |
| 084 | |a 68Q45 (16W60) |2 msc2000 | ||
| 010 | |a 78002214 | ||
| 040 | |a DLC |c DLC |d DLC | ||
| 859 | |h 68 |i Sa173a |p A-5110 |b BIB. MATEMATICA | ||
